[Event "Mecklenburg VP Landesliga Ost 1920"]
[Site "Mecklenburg VP"]
[Date "2019.10.20"]
[Round "2.5"]
[White "Wurst, Maximilian1111"]
[Black "Klingenberg, Dietrich"]
[Result "1/2-1/2"]
[WhiteElo "1723"]
[BlackElo "1818"]
[PlyCount "76"]
[EventDate "2019.09.29"]
[EventType "team-tourn"]
[EventRounds "9"]
[EventCountry "GER"]
[SourceTitle "EXT 2023"]
[Source "ChessBase"]
[SourceDate "2022.10.05"]
[SourceVersion "1"]
[SourceVersionDate "2022.10.05"]
[SourceQuality "1"]
[WhiteTeam "Rostock SSC 07"]
[BlackTeam "Bergen Rugia"]
[WhiteTeamCountry "GER"]
[BlackTeamCountry "GER"]

1. e4 e6 2. d4 d5 3. exd5 exd5 4. Nf3 Nf6 5. Nc3 Nc6 6. Bb5 Bd7 7. Bf4 Be7 8. Ne5 a6 9. Bxc6 bxc6 10. 0-0 0-0 11. Qe2 Bd6 12. Bg5 h6 13. Bh4 Be7 14. Rae1 Re8 15. Bg3 Bd6 16. f4 Ng4 17. h3 Nxe5 18. fxe5 Be7 19. Qf3 Be6 20. Ne2 Bh4 21. Qh5 Bxg3 22. Nxg3 Qg5 23. Qxg5 hxg5 24. Re3 Kh7 25. Nf5 Kg6 26. g4 Kh7 27. Ng3 Rab8 28. b3 a5 29. a3 Rb5 30. Rc3 Rb6 31. Rc5 Ra6 32. c4 Rb8 33. Rf3 Rab6 34. Rxa5 Rxb3 35. Rxb3 Rxb3 36. cxd5 Bxd5 37. Ne2 Rxh3 38. Ra7 Kg6 1/2-1/2

[Event "MVP-ch Seniors op 14th"]
[Site "Binz"]
[Date "2014.12.03"]
[Round "9"]
[White "Holfter, Dietrich"]
[Black "Klingenberg, Dietrich"]
[Result "0-1"]
[WhiteElo "1385"]
[BlackElo "1629"]
[PlyCount "86"]
[EventDate "2014.11.25"]
[EventType "swiss"]
[EventRounds "9"]
[EventCountry "GER"]
[SourceTitle "EXT 2016"]
[Source "ChessBase"]
[SourceDate "2015.10.08"]
[SourceVersion "1"]
[SourceVersionDate "2015.10.08"]
[SourceQuality "1"]

1. d4 d5 2. c4 c6 3. cxd5 cxd5 4. Nc3 Nf6 5. Nf3 Nc6 6. Bf4 e6 7. e3 Bd6 8. Bxd6 Qxd6 9. a3 0-0 10. Bd3 e5 11. Nb5 Qe7 12. dxe5 Nxe5 13. Nbd4 Bg4 14. h3 Bh5 15. 0-0 Nxd3 16. Qxd3 Bg6 17. Qe2 Rfe8 18. Rac1 Ne4 19. Nd2 h6 20. Nxe4 Qxe4 21. Rfd1 Rac8 22. Qd2 Rc4 23. Rxc4 dxc4 24. Qb4 Qd5 25. Qb5 Qxb5 26. Nxb5 a6 27. Nd6 Rd8 28. Rd4 b5 29. Kf1 Kf8 30. Ke1 Ke7 31. Nb7 Rxd4 32. exd4 Be4 33. Nc5 Bxg2 34. h4 a5 35. Kd2 b4 36. axb4 axb4 37. Na6 b3 38. Kc3 Bf1 39. Nc5 Kd6 40. Ne4+ Kd5 41. Nd2 Be2 42. Nb1 g5 43. hxg5 h5 0-1

[Event "MVP-ch Seniors op 14th"]
[Site "Binz"]
[Date "2014.11.30"]
[Round "6"]
[White "Klingenberg, Dietrich"]
[Black "Ophoff, Rigobert"]
[Result "0-1"]
[WhiteElo "1629"]
[BlackElo "1780"]
[PlyCount "72"]
[EventDate "2014.11.25"]
[EventType "swiss"]
[EventRounds "9"]
[EventCountry "GER"]
[SourceTitle "EXT 2016"]
[Source "ChessBase"]
[SourceDate "2015.10.08"]
[SourceVersion "1"]
[SourceVersionDate "2015.10.08"]
[SourceQuality "1"]

1. e4 c5 2. Nf3 d6 3. d4 cxd4 4. Nxd4 Nf6 5. Nc3 a6 6. Bd3 e5 7. Nf3 h6 8. 0-0 Be7 9. h3 0-0 10. Nh2 Nc6 11. f4 exf4 12. Rxf4 Ne5 13. Nd5 Nxd5 14. exd5 Bg5 15. Rf1 Bxc1 16. Qxc1 Nxd3 17. cxd3 Bd7 18. Qf4 Qb6+ 19. Rf2 Qc5 20. Rc1 Qxd5 21. Rc7 Bc6 22. Ng4 Rae8 23. Kh2 Qe6 24. d4 h5 25. Nh6+ Qxh6 26. Qxh6 gxh6 27. a3 Re4 28. Rd2 Bd5 29. Rc3 h4 30. Rc7 Rfe8 31. Rcc2 Kg7 32. b4 b5 33. Rb2 Bc4 34. Rbc2 Re2 35. Rxe2 Rxe2 36. Rxe2 Bxe2 0-1

[Event "Mecklenburg VP LL2 Ost 1415"]
[Site "Mecklenburg VP"]
[Date "2014.11.09"]
[Round "2.7"]
[White "Rath, Wolfgang"]
[Black "Klingenberg, Dietrich"]
[Result "1-0"]
[WhiteElo "1607"]
[BlackElo "1628"]
[PlyCount "61"]
[EventDate "2014.09.21"]
[EventType "team-tourn"]
[EventRounds "9"]
[EventCountry "GER"]
[SourceTitle "EXT 2022"]
[Source "ChessBase"]
[SourceDate "2021.10.06"]
[SourceVersion "1"]
[SourceVersionDate "2021.10.06"]
[SourceQuality "1"]
[WhiteTeam "Graal Mueritz"]
[BlackTeam "Bergen Rugia"]
[WhiteTeamCountry "GER"]
[BlackTeamCountry "GER"]

1. e4 e6 2. d4 d5 3. exd5 exd5 4. Nf3 Nc6 5. Be3 Nf6 6. c3 Bd6 7. Bd3 Bg4 8. Nbd2 Ne4 9. Bxe4 dxe4 10. Nxe4 0-0 11. 0-0 Re8 12. Ned2 Ne7 13. Bg5 f6 14. Qb3+ Kh8 15. Bh4 b6 16. Rae1 Nf5 17. Rxe8+ Qxe8 18. Re1 Qh5 19. Bg3 Nxg3 20. hxg3 Re8 21. Rxe8+ Qxe8 22. Qd5 Be6 23. Qe4 Qd7 24. a3 h6 25. Qa8+ Bg8 26. Ne4 a5 27. Nh4 Kh7 28. Nxd6 cxd6 29. Qe4+ Kh8 30. Ng6+ Kh7 31. Nf8+ 1-0

[Event "MVP-ch Seniors op 12th"]
[Site "Binz"]
[Date "2012.12.05"]
[Round "8"]
[White "Klingenberg, Dietrich"]
[Black "Aigner, Georg"]
[Result "0-1"]
[WhiteElo "1677"]
[BlackElo "1814"]
[PlyCount "94"]
[EventDate "2012.11.28"]
[EventType "swiss"]
[EventRounds "9"]
[EventCountry "GER"]
[SourceTitle "EXT 2014"]
[Source "ChessBase"]
[SourceDate "2013.11.20"]
[SourceVersion "1"]
[SourceVersionDate "2013.11.20"]
[SourceQuality "1"]

1. e4 e5 2. Nf3 Nc6 3. d4 exd4 4. Nxd4 Nf6 5. Nxc6 bxc6 6. Bd3 Bc5 7. 0-0 0-0 8. Bg5 h6 9. Bh4 g5 10. Bg3 d6 11. Nd2 Bg4 12. Qe1 Nh5 13. Kh1 Qf6 14. f3 Be6 15. e5 Nxg3+ 16. hxg3 Qxe5 17. Ne4 Rae8 18. Nxc5 Qxc5 19. Qd1 Bf5 20. Re1 Rxe1+ 21. Qxe1 Bxd3 22. cxd3 Qb5 23. Qc3 Re8 24. a4 Qb6 25. d4 Qa6 26. b3 Re2 27. Rc1 Ra2 28. Re1 Re2 29. Rxe2 Qxe2 30. Kh2 Qe8 31. a5 Qd7 32. a6 c5 33. dxc5 Qc6 34. Qf6 Qxc5 35. Qxh6 Qe5 36. Kg1 Qxg3 37. Qf6 Qe1+ 38. Kh2 Qe5+ 39. Qxe5 dxe5 40. Kg1 f5 41. Kf2 Kf7 42. Ke3 Ke6 43. g3 Kd5 44. Kd3 e4+ 45. fxe4+ fxe4+ 46. Ke3 c5 47. b4 cxb4 0-1

[Event "MVP-ch Seniors op 12th"]
[Site "Binz"]
[Date "2012.11.29"]
[Round "2"]
[White "Klingenberg, Dietrich"]
[Black "Narr, Irmgard"]
[Result "1/2-1/2"]
[WhiteElo "1677"]
[BlackElo "1475"]
[PlyCount "81"]
[EventDate "2012.11.28"]
[EventType "swiss"]
[EventRounds "9"]
[EventCountry "GER"]
[SourceTitle "EXT 2014"]
[Source "ChessBase"]
[SourceDate "2013.11.20"]
[SourceVersion "1"]
[SourceVersionDate "2013.11.20"]
[SourceQuality "1"]

1. e4 e6 2. d4 d5 3. e5 c5 4. c3 Nc6 5. Nf3 Qb6 6. Be2 Nge7 7. 0-0 Nf5 8. dxc5 Bxc5 9. b4 Be7 10. Bf4 0-0 11. g4 Nh4 12. Nxh4 Bxh4 13. g5 Qd8 14. Qd2 Ne7 15. Bd3 Ng6 16. Bxg6 fxg6 17. Be3 Rf5 18. f4 h6 19. gxh6 gxh6 20. Qg2 Kh7 21. Nd2 b6 22. Nf3 Ba6 23. Nxh4 Qxh4 24. Rf3 Raf8 25. Rg3 Rg8 26. Rg4 Qe7 27. h4 h5 28. Rg5 Bd3 29. Qg3 Qc7 30. Bd4 Qc4 31. Kh2 Be4 32. Rg1 Qxa2+ 33. Kh3 Rxg5 34. Qxg5 Bf5+ 35. Kg3 Rg7 36. Rg2 Qb1 37. Kh2 Qd3 38. Qg3 Qd1 39. Qf2 Be4 40. Rg1 Qd3 41. Rg3 1/2-1/2

[Event "Mecklenburg VP LL2 Ost 1112"]
[Site "Mecklenburg VP"]
[Date "2012.04.15"]
[Round "9.7"]
[White "Klingenberg, Dietrich"]
[Black "Macherius, Uwe"]
[Result "1-0"]
[WhiteElo "1572"]
[BlackElo "1670"]
[PlyCount "83"]
[EventDate "2011.10.02"]
[EventType "team-tourn"]
[EventRounds "9"]
[EventCountry "GER"]
[SourceTitle "EXT 2022"]
[Source "ChessBase"]
[SourceDate "2021.10.06"]
[SourceVersion "1"]
[SourceVersionDate "2021.10.06"]
[SourceQuality "1"]
[WhiteTeam "Bergen Rugia"]
[BlackTeam "Wolgast Motor"]
[WhiteTeamCountry "GER"]
[BlackTeamCountry "GER"]

1. e4 d5 2. e5 d4 3. d3 Nc6 4. Bf4 Qd5 5. Nf3 Bg4 6. Be2 f6 7. exf6 gxf6 8. c4 Qa5+ 9. Nbd2 e5 10. Bg3 0-0-0 11. 0-0 Be6 12. a3 Qc5 13. Nh4 f5 14. f4 e4 15. dxe4 d3+ 16. Bf2 dxe2 17. Qxe2 Qe7 18. Ndf3 fxe4 19. Qxe4 Nf6 20. Qc2 Bh6 21. f5 Bd7 22. b4 Ng4 23. Rfe1 Qf6 24. b5 Nce5 25. Bd4 Rhe8 26. h3 Nxf3+ 27. Nxf3 Be3+ 28. Bxe3 Nxe3 29. Qf2 Nxc4 30. Qxa7 Nb6 31. a4 Rxe1+ 32. Rxe1 Qc3 33. a5 Bxb5 34. axb6 cxb6 35. Qxb6 Bc6 36. Qe3 Qa5 37. f6 Qb4 38. f7 Rf8 39. Ne5 Kc7 40. Nxc6 bxc6 41. Qa7+ Kd6 42. Qe7+ 1-0

[Event "MVP-ch Seniors op 11th"]
[Site "Binz"]
[Date "2011.12.01"]
[Round "2.33"]
[White "Lewald, Stephan"]
[Black "Klingenberg, Dietrich"]
[Result "1/2-1/2"]
[WhiteElo "1884"]
[BlackElo "1647"]
[PlyCount "40"]
[EventDate "2011.11.30"]
[EventType "swiss"]
[EventRounds "9"]
[EventCountry "GER"]
[SourceTitle "EXT 2013"]
[Source "ChessBase"]
[SourceDate "2012.11.22"]
[SourceVersion "1"]
[SourceVersionDate "2012.11.22"]
[SourceQuality "1"]

1. e4 e5 2. Nf3 d6 3. d4 Nc6 4. Bb5 exd4 5. Qxd4 Bd7 6. Bxc6 Bxc6 7. Nc3 Nf6 8. Bg5 Be7 9. 0-0-0 0-0 10. Rhe1 a6 11. Qd3 Ng4 12. Bxe7 Qxe7 13. Nd5 Bxd5 14. exd5 Qf6 15. Re2 Rfe8 16. Rde1 Rxe2 17. Qxe2 h6 18. h3 Qf4+ 19. Kb1 Nf6 20. Qd3 Re8 1/2-1/2

[Event "Mecklenburg VP LL1 0607"]
[Site "Mecklenburg VP"]
[Date "2006.12.10"]
[Round "4.6"]
[White "Klingenberg, Dietrich"]
[Black "Nickel, Reimo"]
[Result "0-1"]
[WhiteElo "1631"]
[BlackElo "1789"]
[PlyCount "86"]
[EventDate "2006.10.15"]
[EventType "team"]
[EventRounds "9"]
[EventCountry "GER"]
[SourceTitle "EXT 2008"]
[Source "ChessBase"]
[SourceDate "2007.11.25"]
[SourceVersion "1"]
[SourceVersionDate "2007.11.25"]
[SourceQuality "1"]
[WhiteTeam "Bergen Rugia"]
[BlackTeam "Saal Waterkant"]
[WhiteTeamCountry "GER"]
[BlackTeamCountry "GER"]

1. e4 e5 2. Nf3 Nc6 3. Bc4 Bc5 4. c3 Nf6 5. d3 h6 6. b4 Bd6 7. Nbd2 a6 8. a3 b5 9. Bb3 0-0 10. 0-0 Ne7 11. d4 Ng6 12. dxe5 Nxe5 13. c4 bxc4 14. Nxc4 Nxc4 15. Bxc4 Bb7 16. Bd5 Nxd5 17. exd5 Qf6 18. Be3 Qf5 19. Nh4 Qxd5 20. Qg4 Qe5 21. Qh3 Qe6 22. Nf5 Be5 23. Rad1 Be4 24. g4 Rfe8 25. f4 Bf6 26. Nxh6+ gxh6 27. f5 Bg2 28. Kxg2 Qxe3 29. Qxe3 Rxe3 30. Rxd7 Re7 31. Rfd1 Rae8 32. Rxe7 Rxe7 33. Rd8+ Kg7 34. Ra8 Re2+ 35. Kh1 Be5 36. Rxa6 Rxh2+ 37. Kg1 Rh4 38. Ra5 Rxg4+ 39. Kf2 Rf4+ 40. Ke3 Rxf5 41. Ke4 Kf6 42. Ra6+ Bd6 43. a4 Rf4+ 0-1

[Event "Mecklenburg VP LL1 0607"]
[Site "Mecklenburg VP"]
[Date "2006.10.29"]
[Round "2.7"]
[White "Boesenberg, Heiko"]
[Black "Klingenberg, Dietrich"]
[Result "1/2-1/2"]
[WhiteElo "1636"]
[BlackElo "1631"]
[PlyCount "137"]
[EventDate "2006.10.15"]
[EventType "team"]
[EventRounds "9"]
[EventCountry "GER"]
[SourceTitle "EXT 2008"]
[Source "ChessBase"]
[SourceDate "2007.11.25"]
[SourceVersion "1"]
[SourceVersionDate "2007.11.25"]
[SourceQuality "1"]
[WhiteTeam "Wolgast Motor"]
[BlackTeam "Bergen Rugia"]
[WhiteTeamCountry "GER"]
[BlackTeamCountry "GER"]

1. d4 d5 2. c4 c6 3. e3 Nf6 4. Nc3 Bf5 5. Nf3 Nbd7 6. Qb3 Qb6 7. Qxb6 Nxb6 8. b3 e6 9. a3 Ne4 10. Nxe4 Bxe4 11. Nd2 Be7 12. Nxe4 dxe4 13. Be2 0-0 14. 0-0 Nd7 15. Rd1 Nf6 16. Bb2 Rfd8 17. b4 a6 18. Rac1 Rac8 19. f3 b5 20. c5 exf3 21. Bxf3 Nd5 22. e4 Ne3 23. Rd3 Nc4 24. Ba1 Bf6 25. Rcd1 Kf8 26. Be2 Bg5 27. Kf2 a5 28. d5 axb4 29. axb4 Bh6 30. dxc6 Rxd3 31. Rxd3 Rxc6 32. Rd8+ Ke7 33. Rb8 Ra6 34. Rxb5 Ra2 35. Rb7+ Kf8 36. Bc3 Rc2 37. Be1 Ne5 38. b5 Nd3+ 39. Kf1 Nxe1 40. Kxe1 Rxc5 41. b6 Bf4 42. g3 Be5 43. Ra7 Rc1+ 44. Kd2 Rb1 45. Ra5 Bd4 46. Rb5 Rxb5 47. Bxb5 Bxb6 48. Ke2 e5 49. h3 Ke7 50. Kf3 g6 51. Bc6 f5 52. Bd5 Kf6 53. Bg8 h5 54. Bd5 Kg5 55. Bf7 Bd4 56. Be8 Kh6 57. Bd7 Kg5 58. Be8 Bc3 59. Bf7 Be1 60. Bd5 h4 61. exf5 gxf5 62. g4 fxg4+ 63. hxg4 Bg3 64. Be4 Bf4 65. Bf5 h3 66. Be4 h2 67. Kg2 Kxg4 68. Kh1 Bg3 69. Kg2 1/2-1/2

[Event "Mecklenburg VP Seniors op 10th"]
[Site "Plau am See"]
[Date "2006.04.07"]
[Round "5"]
[White "Klingenberg, Dietrich"]
[Black "Worm, Alfred"]
[Result "0-1"]
[WhiteElo "1627"]
[BlackElo "1735"]
[PlyCount "76"]
[EventDate "2006.04.03"]
[EventType "swiss"]
[EventRounds "7"]
[EventCountry "GER"]
[SourceTitle "EXT 2007"]
[Source "ChessBase"]
[SourceDate "2006.11.23"]
[SourceVersion "1"]
[SourceVersionDate "2006.11.23"]
[SourceQuality "1"]

1. e4 c6 2. d4 g6 3. Nf3 Bg7 4. c3 d6 5. Nbd2 Nd7 6. Bc4 b5 7. Bb3 a5 8. Bxf7+ Kxf7 9. Ng5+ Ke8 10. Ne6 Qb6 11. Nxg7+ Kf7 12. Nh5 gxh5 13. Qxh5+ Kf8 14. Nf3 Ndf6 15. Bh6+ Nxh6 16. Qxh6+ Ke8 17. e5 dxe5 18. dxe5 Qxf2+ 19. Kxf2 Ng4+ 20. Kg3 Nxh6 21. h3 Rg8+ 22. Kh2 Bb7 23. g3 Rd8 24. Rhd1 Rxd1 25. Rxd1 Rf8 26. Rf1 c5 27. Nd2 Rxf1 28. Nxf1 Nf7 29. Nd2 a4 30. Kg1 Nxe5 31. Kf1 Bd5 32. b3 Nf3 33. Nxf3 Bxf3 34. bxa4 bxa4 35. a3 Kd7 36. Kf2 Bd5 37. Ke3 Ke6 38. Kf4 Bg2 0-1

[Event "Mecklenburg VP Seniors op 09th"]
[Site "Plau am See"]
[Date "2005.03.19"]
[Round "6"]
[White "Klingenberg, Dietrich"]
[Black "Radloff, Arno"]
[Result "0-1"]
[WhiteElo "1593"]
[BlackElo "1498"]
[PlyCount "51"]
[EventDate "2005.03.14"]
[EventType "swiss"]
[EventRounds "7"]
[EventCountry "GER"]
[SourceTitle "EXT 2006"]
[Source "ChessBase"]
[SourceDate "2005.11.24"]
[SourceVersion "1"]
[SourceVersionDate "2005.11.24"]
[SourceQuality "1"]

1. e4 e6 2. d4 d5 3. Nd2 c5 4. Ngf3 Nc6 5. exd5 Qxd5 6. Bc4 Qd8 7. Nb3 cxd4 8. Nfxd4 Nxd4 9. 0-0 Nxb3 10. Qxd8+ Kxd8 11. axb3 Bc5 12. c3 Nf6 13. b4 Bb6 14. Bb5 Ke7 15. c4 Bd7 16. Bxd7 Kxd7 17. Bf4 Rhc8 18. b3 Bc7 19. Be3 a6 20. f3 Ke8 21. Kf2 Rd8 22. Ke2 Rd7 23. b5 a5 24. b6 Bxh2 25. Bd2 Be5 26. Rxa5 0-1

[Event "Mecklenburg VP Seniors op 09th"]
[Site "Plau am See"]
[Date "2005.03.16"]
[Round "3"]
[White "Oergel, Ullrich"]
[Black "Klingenberg, Dietrich"]
[Result "1/2-1/2"]
[WhiteElo "1705"]
[BlackElo "1593"]
[PlyCount "30"]
[EventDate "2005.03.14"]
[EventType "swiss"]
[EventRounds "7"]
[EventCountry "GER"]
[SourceTitle "EXT 2006"]
[Source "ChessBase"]
[SourceDate "2005.11.24"]
[SourceVersion "1"]
[SourceVersionDate "2005.11.24"]
[SourceQuality "1"]

1. c4 c6 2. Nc3 e6 3. a3 Nf6 4. g3 d5 5. cxd5 cxd5 6. d4 Nc6 7. Nf3 a6 8. Bg2 Be7 9. 0-0 0-0 10. e3 b5 11. Bd2 Rb8 12. Na2 Bd7 13. b4 Ne4 14. Ne1 Nd6 15. Nd3 Nc4 1/2-1/2